Elizabeth II Departments Visited Map - Statistics

General Stats
  • This quiz has been taken 107 times
    35 since last reset
  • The average score is 6 of 18
Answers on the Map
Answers color-coded by a green-red scale on the quiz's map according to % correct below.
 
Answer Stats
Years Departements % Correct
1948 Paris
100%
1957 Nord
45%
1994 Pas-de-Calais
45%
1992 Bas-Rhin
38%
1992 Gironde
38%
1967 Calvados
34%
1984 Manche
34%
1957 Yvelines
34%
1972 Bouches-du-Rhône
31%
1972 Seine-Maritime
31%
2004 Haute-Garonne
24%
1967 Orne
24%
1979 Côte-d'Or
21%
1967 Indre-et-Loire
21%
1979 Yonne
21%
1972 Gard
17%
1979 Loir-et-Cher
17%
1972 Vaucluse
17%
No matching quizzes found
Score Distribution
Percent of People with Each Score
Percentile by Number Answered
Your Score History
You have not taken this quiz since the last reset